000 00353cam a22001217a 4500
008 180718b1954 xxu||||| |||| 00| 0 eng d
082 _aA81x54 In2/51/54/1
100 _aCensus of India 1951
245 _aIndia: languages
260 _aDelhi
_bThe Manager of Publications
_c1954
300 _av.p.
440 _aCensus of India 1951. India. Paper 1 of 1954
999 _c483539
_d483539